<?xml version="1.0" encoding="UTF-8"?>
<collection xmlns="http://www.loc.gov/MARC21/slim">
 <record>
  <leader>01917nam a22001811a 4500</leader>
  <controlfield tag="001">1/28826</controlfield>
  <controlfield tag="008">      s2002    lu     f      00010 gre d</controlfield>
  <datafield tag="022" ind1="0" ind2=" ">
   <subfield code="a">0254-1483</subfield>
  </datafield>
  <datafield tag="028" ind1="3" ind2="1">
   <subfield code="a">2002/0059 (CNS)</subfield>
  </datafield>
  <datafield tag="035" ind1=" " ind2=" ">
   <subfield code="l">30768</subfield>
  </datafield>
  <datafield tag="040" ind1=" " ind2=" ">
   <subfield code="a">GR-PeUP</subfield>
  </datafield>
  <datafield tag="084" ind1=" " ind2=" ">
   <subfield code="2">KET</subfield>
   <subfield code="a">COM (2002) 117 τελικό</subfield>
  </datafield>
  <datafield tag="110" ind1="2" ind2=" ">
   <subfield code="a">Επιτροπή των Ευρωπαϊκών Κοινοτήτων.</subfield>
  </datafield>
  <datafield tag="245" ind1="1" ind2="0">
   <subfield code="a">Πρόταση κανονισμού του Συμβουλίου για την επιβολή συγκεκριμένων περιοριστικών μέτρων κατά ορισμένων προσώπων και οντοτήτων που συνδέονται με τον Οσάμα Μπιν Λάντεν, το δίκτυο της Αλ Κάιντα και τους Ταλιμπάν, και για την κατάργηση του κανονισμού (ΕΚ) αριθ. 467/2001 του Συμβουλίου για την απαγόρευση της εξαγωγής ορισμένων αγαθών και υπηρεσιών στο Αφγανιστάν, την ενίσχυση της απαγόρευσης πτήσεων και την παράταση της δέσμευσης κεφαλαίων και άλλων οικονομικών πόρων όσον αφορά την Ταλιμπάν του Αφγανιστάν:</subfield>
   <subfield code="b">υποβληθείσα από την Επιτροπή/</subfield>
   <subfield code="c">Επιτροπή των Ευρωπαϊκών Κοινοτήτων</subfield>
  </datafield>
  <datafield tag="260" ind1="0" ind2=" ">
   <subfield code="a">Βρυξέλλες, Λουξεμβούργο:</subfield>
   <subfield code="b">Υπηρεσία Επισήμων Εκδόσεων των Ευρωπαϊκών Κοινοτήτων,</subfield>
   <subfield code="c">6.3.2002</subfield>
  </datafield>
  <datafield tag="300" ind1=" " ind2=" ">
   <subfield code="a">26 σελ.</subfield>
  </datafield>
  <datafield tag="852" ind1=" " ind2=" ">
   <subfield code="a">INST</subfield>
   <subfield code="b">UNIPILB</subfield>
   <subfield code="c">KET</subfield>
   <subfield code="e">20051114</subfield>
   <subfield code="h">COM (2002) 117</subfield>
   <subfield code="p">COM (2002) 117</subfield>
   <subfield code="q">COM (2002) 117</subfield>
   <subfield code="t">NOLOAN</subfield>
   <subfield code="y">23</subfield>
   <subfield code="4">1</subfield>
  </datafield>
  <datafield tag="856" ind1="4" ind2="1">
   <subfield code="u">http://eur-lex.europa.eu/LexUriServ/LexUriServ.do?uri=CELEX:52002PC0117:EL:HTML</subfield>
  </datafield>
 </record>
</collection>
